"Elfenland"-Städte - Statistiken

Allgemein
  • Dieses Quiz wurde 2 mal gespielt
  • Das Durchschnittsergebnis liegt bei 14 aus 21
Antwortstatistiken
Stadt % Korrekt
Al' Baran
100%
Dag' Amura
100%
Elvenhold
100%
Erg' Eren
100%
Feodor
100%
Grangor
100%
Jaccaranda
100%
Kirohmah
100%
Strykhaven
100%
Beata
50%
Ixara
50%
Lapphalya
50%
Mah' Davikia
50%
Parundia
50%
Throtmanni
50%
Tichih'
50%
Usselen
50%
Wylhien
50%
Yttar
50%
Rivinia
0%
Virst
0%
Keine übereinstimmenden Quizze gefunden
Verteilung der Resultate
Anzahl Personen mit jedem Resultat
Perzentil nach korrekt beantworteten Fragen
Ihre Resultats-Entwicklung
Sie haben dieses Quiz noch nicht gespielt